| 000 | 00463 a2200145 4500 | ||
|---|---|---|---|
| 003 | Nust | ||
| 005 | 20220722180203.0 | ||
| 040 | _cNust | ||
| 082 | _a004.16,ARI | ||
| 245 |
_aIBM storyboard plus / _cIBM |
||
| 260 |
_bIBM _aNew York _c1989 |
||
| 300 | _axvii, 421p. | ||
| 505 | _aIntroduction (Page 1-1), Picture Maker (Page-2-1), Picture Taker (Page 3-1), Text Maker (Page 4-1), Story Editor (Page 5-1), Story Teller (Page 6-1). | ||
| 942 |
_2ddc _cBK _k004.16,ARM |
||
| 999 |
_c176676 _d176676 |
||